Slučka nad zemou : pásmo poézie z veršov Jána Stacha, Jána Ondruša a Jozefa Mihalkoviča /

Main Author: Stach, Ján
Other Authors: Mihalkovič, Jozef, 1935-2025, Ondruš, Ján, 1932-2000, Rezník, Jaroslav, 1942-
Language: Slovak
Published: Bratislava : Diliza, 1969
Physical Description: 24 s.
Book
Saved in:
LEADER 00857nam a22002292a 4500
001 000943300
003 CZ BrMZK
005 20090707090353.0
007 ta
008 090603s1969 xo er|||||||||||slo d
040 |a OLA001  |b cze 
100 1 |a Stach, Ján  |4 aut 
245 1 0 |a Slučka nad zemou :  |b pásmo poézie z veršov Jána Stacha, Jána Ondruša a Jozefa Mihalkoviča /  |c Ján Stach, Ján Ondruš, Jozef Mihalkovič ; zostavil Jaroslav Rezník 
260 |a Bratislava :  |b Diliza,  |c 1969 
300 |a 24 s. 
700 1 |a Mihalkovič, Jozef,  |d 1935-2025  |7 ola2002152145  |4 aut 
700 1 |a Ondruš, Ján,  |d 1932-2000  |7 ola2002152401  |4 aut 
700 1 |a Rezník, Jaroslav,  |d 1942-  |7 ola2002109920  |4 com 
910 |a BOA001  |b 1-0620.475 
990 |a BK 
991 |b 200905 
996 7 |b 2619484353  |c 1-0620.475  |l MZK  |r Sklad / do 1 hodiny  |n 0  |w 000943300  |u 000010  |a 1  |e BOA001  |j MZK50  |s A